000 01071nam a2200253 a 4500
001 000024182
005 20250526115843.0
008 110119s1969 sp r 000 0 spa d
040 _aDO-SdBNP
_bspa
_cBNPHU
041 1 7 _aspa
_heng
_2Código de idioma MARC
082 _a191
_bM322f
100 1 _aMarcuse, Herbert,
_d1898-1979
_95128
240 1 0 _aAmerikanisches philosophieren : pragmatisten, polyteisten, tragiker.
_lEspañol.
245 1 0 _aFilosofía americana :
_bpragmatistas, politeistas, tragicos /
_cLudwig Marcuse ; traducción al castellano Rufino Jimeno Peña.
260 _aMadrid, (España) :
_bEdiciones Guadarrama,
_c1969.
490 1 _auniversitaria de bolsillo. Punto omega
_v77
534 _aTítulo original:
_tAmerikanisches philosophieren : pragmatisten, polyteisten, tragiker.
650 4 _aFilosofía americana
_949661
650 4 _aFilosofía estadounidense
_949662
650 4 _aFilosofía norteamericana
_949663
700 1 _aJimeno Peña, Rufino
_etr.
_949664
830 0 _auniversitaria de bolsillo. Punto omega ;
_v77
_919353
049 _aBNGR
999 _c23676
_d23676